000 00405nam a2200169Ia 4500
008 230524s9999 xx 000 0 und d
020 _a9789350642795
082 _bKAL
100 _aA.P.J. Abdul Kalam
_941791
245 0 _aForge Your Future
250 _a1
260 _aNew Delhi
_bRajpai
_c2014
300 _a222p;
500 _aQuantity Number: 1
650 _aMisalliance
_941792
942 _cBK
999 _c56218
_d56218